[Epitome Canonum Ecclesiasticorum ex Conciliis Germaniae, & aliis juris Ecclesiastici Germanici fontibus a ... collectum ...]

Hlavní autor: Schram, Dominikus, 1722-1797
Jazyk: Latina
Vydáno: [Augustae Vindelicorum : Sumptibus Matthaei Rieger et Filiorum, 1774]
Témata:
Fyzický popis: [6], 347, [2] s. ; 8°
Knihy
Uloženo v:
LEADER 00918nam a22002777a 4500
001 mzk03001225290
003 CZ BrMZK
005 20160209175436.0
007 ta
008 090218s1774 gw fr|||||00| ||latod
040 |a BOA001  |b cze  |c BOA001 
072 7 |a 094  |x Staré tisky  |2 Konspekt  |9 12 
080 |a (0.068)094  |2 MRF 
100 1 |a Schram, Dominikus,  |d 1722-1797  |7 mzk2009511098  |4 aut 
245 1 1 |a [Epitome Canonum Ecclesiasticorum ex Conciliis Germaniae, & aliis juris Ecclesiastici Germanici fontibus a ... collectum ...] 
260 |a [Augustae Vindelicorum :  |b Sumptibus Matthaei Rieger et Filiorum,  |c 1774] 
300 |a [6], 347, [2] s. ;  |c 8° 
590 |a Chybí titulní list 
655 7 |a staré tisky  |7 fd422076  |2 czenas 
903 |a RP 
910 |a BOE452  |b Mn 
978 |b Rieger, Matthäus a synové  |a Augsburg  |c 1774 
984 |a Augsburg  |b Německo 
985 |a 1751-1800 
990 |a BK 
991 |k minorite